| 000 | 00591nam a2200193Ia 4500 | ||
|---|---|---|---|
| 003 | GCL | ||
| 008 | 140319s9999 xx 000 0 ara d | ||
| 040 |
_aGCL / _cGCL |
||
| 082 | 0 | 4 |
_aد _b050 |
| 100 | 1 | _aزهير الكرمى | |
| 245 | 1 | 0 |
_aالعلم ومشكلات الانسان المعاصر (عالم المعرفة 5) / _cزهير الكرمى |
| 300 | _a330 ص | ||
| 490 |
_aعالم المعرفة _v0 |
||
| 650 | 0 | 4 | _aالعلوم |
| 650 | 0 | 4 | _aالعلوم - تجارب |
| 650 | 0 | 4 | _aالعلوم - البحوث |
| 650 | 0 | 4 | _aالعلوم - مؤتمرات |
| 942 |
_2ddc _cBK |
||
| 999 |
_c50252 _d50252 |
||